| 000 | 00447nam a2200181Ia 4500 | ||
|---|---|---|---|
| 003 | GCL | ||
| 008 | 140319s9999 xx 000 0 eng d | ||
| 040 |
_aGCL / _cGCL |
||
| 082 | 0 | 4 |
_a297.82 _bH D |
| 100 | 1 | _aHALM, HEINZ | |
| 245 | 1 | 0 |
_aDIE SCHIA / _cHALM, HEINZ |
| 260 |
_a[S.N] : _bWISSENSCHAFTLICHE BUCHGESELLSCHAFT ، _c1988 |
||
| 300 | _a261 P P | ||
| 650 | 0 | 4 | _aنجد |
| 650 | 0 | 4 | _aSHIITES |
| 650 | 0 | 4 | _aISLAMIC GROUPS |
| 942 |
_2ddc _cBK |
||
| 999 |
_c11973 _d11973 |
||